00637nam a22001697a 450000500170000001000150001702000260003203500140005803700090007208200110008110000220009224501520011425000100026626000580027627001130033430000200044720250108101800.0 aENG-143205 c300.00a9789388805223 aEN-126737 bDBAD a954.33 aMathew, George K. aQuality of Mangement Education and its Impact on Skill Development:bA Study of Alumni of Management Institute in Kerela StatecBy George K. Mathew aFirst bArchers & Elevators Publishing HouseaBangalorec2019 a131 AGB Lay Out, 6"Cross, Hesaraghatta,Main RoadbBangaloree560090k9164362263marcherselevators@gamail.com a167p.c24cm(pb)